000 00312nam a2200121Ia 4500
008 240624s9999 xx 000 0 und d
041 _aeng
082 _a333.7 HAK
100 _aHAKSAR P N
245 _aSTORY OF MY CHILDHOOD ANY BOYHOOD
260 _c1989
_aMumbai
_bD. L. Shah Trust
300 _a130 : p. : cm. ; 22
999 _c9311
_d9311